Prevenció de riscos laborals : manual de consulta / Humbert Fabregat Andrés manual de consulta / Humbert Fabregat Andrés
Publicado:
Barcelona :
Diputació de Barcelona. Àrea de Presidència. Direcció dels Serveis de Formació ,
2009
Descripción Física:
169 p. : quadres ; 29 cm
MARC
| LEADER | 00000nam a2200000Ia 4500 | ||
|---|---|---|---|
| 001 | 21784 | ||
| 008 | 160829s2009 xx 000 0 cat d | ||
| 080 | |a M-6-241 | ||
| 100 | |a Fabregat Andrés, Humbert |9 45810 | ||
| 245 | |a Prevenció de riscos laborals : |b manual de consulta / Humbert Fabregat Andrés | ||
| 260 | |a Barcelona : |b Diputació de Barcelona. Àrea de Presidència. Direcció dels Serveis de Formació, |c 2009 | ||
| 300 | |a 169 p. : |b quadres ; |c 29 cm | ||
| 590 | |a Bibliografia | ||
| 650 | |a Seguretat en el treball |x Manuals, guies, etc. |9 45811 | ||
| 650 | |a Salut en el treball |x Manuals, guies, etc. |9 45812 | ||
| 710 | |a Barcelona (Catalunya : Província). |b Direcció de Serveis de Formació |9 51343 | ||
| 901 | |a Arxiu | ||
| 942 | |n 1 | ||
| 952 | |0 0 |1 0 |4 0 |6 M6241 |7 1 |9 52840 |a Arxiu |b Arxiu |d 2016-12-01 |l 0 |o M-6-241 |p 21784 |r 2016-12-01 00:00:00 |w 2016-12-01 |y ARXIU | ||
| 999 | |c 56689 |d 56689 | ||